Coxeter matroids (Record no. 485)

MARC details
000 -LEADER
fixed length control field 00584 a2200193 4500
001 - CONTROL NUMBER
control field 066430
003 - CONTROL NUMBER IDENTIFIER
control field OSt
005 - DATE AND TIME OF LATEST TRANSACTION
control field 20210928122432.0
008 - FIXED-LENGTH DATA ELEMENTS--GENERAL INFORMATION
fixed length control field
082 ## - DEWEY DECIMAL CLASSIFICATION NUMBER
Classification number 511.6
Item number B64C
100 1# - MAIN ENTRY--PERSONAL NAME
Personal name Borovik, Alexander V.
245 1# - TITLE STATEMENT
Title Coxeter matroids
Statement of responsibility, etc by Alexandre V. Borovik, Israel M. Gelfand and Neil White
260 ## - PUBLICATION, DISTRIBUTION, ETC. (IMPRINT)
Place of publication, distribution, etc Boston
Name of publisher, distributor, etc Birkhouser
Date of publication, distribution, etc 2003
300 ## - PHYSICAL DESCRIPTION
Extent 264p.
690 ## - LOCAL SUBJECT ADDED ENTRY--TOPICAL TERM (OCLC, RLIN)
Topical term or geographic name as entry element Matroids; Coxeter groups; Mathematics; Algebra; Combinatorial analysis; Geometry, Algebraic
700 ## - ADDED ENTRY--PERSONAL NAME
Personal name Gelfand, Israel M.
700 ## - ADDED ENTRY--PERSONAL NAME
Personal name White, Neil
942 ## - ADDED ENTRY ELEMENTS (KOHA)
Source of classification or shelving scheme Dewey Decimal Classification
Koha item type Books
Holdings
Withdrawn status Lost status Source of classification or shelving scheme Damaged status Not for loan Collection code Home library Current library Date acquired Source of acquisition Cost, normal purchase price Full call number Barcode Date last seen Price effective from Koha item type
    Dewey Decimal Classification     General Text Book Central University Of Rajasthan Central University Of Rajasthan 07/03/2012 MTH 4610.00 511.6 B64C 716 02/09/2020 02/09/2020 Books